Trenerzy na Euro 2024 - Statystyki

Ogólne statystyki
  • Ten quiz został rozwiązany 40 razy
  • Średni wynik to 10 z 24
Statystyki odpowiedzi
Reprezentacja Trener % Poprawnych
Polska Michal Probierz
94%
Francja Didier Deschamps
76%
Anglia Gareth Southgate
76%
Portugalia Roberto Martínez
74%
Niemcy Julian Nagelsmann
71%
Holandia Ronald Koeman
71%
Hiszpania Luis de la Fuente
68%
Chorwacja Zlatko Dalić
65%
Włochy Luciano Spalletti
47%
Gruzja Willy Sagnol
44%
Albania Sylvinho
38%
Węgry Marco Rossi
35%
Belgia Domenico Tedesco
32%
Austria Ralf Rangnick
32%
Dania Kasper Hjulmand
26%
Szwajcaria Murat Yakın
21%
Turcja Vincenzo Montella
18%
Rumunia Edward Iordanescu
12%
Słowenia Matjaž Kek
12%
Słowacja Francesco Calzona
9%
Czechy Ivan Hašek
9%
Ukraina Sergiy Rebrov
9%
Szkocja Steve Clarke
9%
Serbia Dragan Stojković
6%
Nie znaleziono quizów pasujących do podanych kryteriów
Rozkład punktacji
Procent ludzi z każdym wynikiem
Percentyl według liczby udzielonych odpowiedzi
Twoja historia wyników
Nie rozwiązałeś tego quizu